Central Library OPAC University of Rajshahi

Milton's Paradise lost / (Record no. 22182)

MARC details
000 -LEADER
fixed length control field 00662nam a2200241 a 4500
001 - CONTROL NUMBER
control field 22182
003 - CONTROL NUMBER IDENTIFIER
rucl marc code BD-RjUL
005 - DATE AND TIME OF LATEST TRANSACTION
control field 20211209000757.0
008 - FIXED-LENGTH DATA ELEMENTS--GENERAL INFORMATION
fixed length control field 140306t1732 enkc 000 0 eng d
029 ## - (OCLC)
OCLC library identifier 1732
035 ## - SYSTEM CONTROL NUMBER
System control number (BD-RjUL)22247
System control number (OCoLC)7011793
040 ## - CATALOGING SOURCE
Original cataloging agency SUC
Transcribing agency SUC
Modifying agency m.c
-- BD-RjUL
Language of cataloging eng
041 ## - LANGUAGE CODE
Language code of text/sound track or separate title eng
082 04 - DEWEY DECIMAL CLASSIFICATION NUMBER
Classification number 821.4
Author mark and year MIL 1732
245 00 - TITLE STATEMENT
Title Milton's Paradise lost /
260 ## - PUBLICATION, DISTRIBUTION, ETC. (IMPRINT)
Place of publication, distribution, etc. London :
Name of publisher, distributor, etc. Edward Arnold,
Date of publication, distribution, etc. 1732.
300 ## - PHYSICAL DESCRIPTION
Pagination 79 p. ;
Size 29 cm.
650 1# - SUBJECT ADDED ENTRY--TOPICAL TERM
Topical term or geographic name as entry element Bible. -- Genesis -- History of Biblical events -- Poetry.
9 (RLIN) 68459
700 1# - ADDED ENTRY--PERSONAL NAME
Personal name Collins, J. Churton,
Personal name Sargeaunt, J.
942 ## - ADDED ENTRY ELEMENTS (KOHA)
Source of classification or shelving scheme Dewey Decimal Classification
Koha item type Books
Holdings
Lost status Source of classification or shelving scheme Damaged status Not for loan Collection code Permanent Location Current Location Shelving location Date acquired Source of acquisition Total Checkouts Full call number Date last seen Copy number Koha item type
  Dewey Decimal Classification   Added to bundle Fiction Central Library, University of Rajshahi Central Library, University of Rajshahi Reading Room 28/04/1966 Australia.   821.4 MIL 1732 06/03/2014 C-1 Books